[Event "Politiken Cup 2011"]
[Site "Helsingor"]
[Date "2011.07.30"]
[Round "1.67"]
[White "Larsen, Eigil"]
[Black "Thingstad, Even"]
[Result "0-1"]
[WhiteElo "1811"]
[BlackElo "2223"]
[PlyCount "70"]
[EventDate "2011.??.??"]
[WhiteTeam "Nordkalotten"]
[BlackTeam "Hønefoss"]

1. e4 c6 2. d4 d5 3. Nc3 dxe4 4. Nxe4 Bf5 5. Ng3 Bg6 6. h4 h6 7. Nf3 Nd7 8. h5
Bh7 9. Bd3 Bxd3 10. Qxd3 e6 11. Bd2 Ngf6 12. O-O-O Be7 13. Qe2 O-O 14. Kb1 Qb6
15. Ne5 Rad8 16. Bc1 a5 17. Ng6 Rfe8 18. Nxe7+ Rxe7 19. Nf5 Ree8 20. Nxh6+ gxh6
21. Bxh6 Qb5 22. Rd3 Kh7 23. Bd2 Qd5 24. Rf3 Qe4 25. Be3 Rg8 26. g3 Rdf8 27.
Rh4 Qd5 28. c4 Qd6 29. Qd3+ Kh8 30. Bh6 Re8 31. Rhf4 e5 32. dxe5 Qxd3+ 33. Rxd3
Nxe5 34. Re3 Nfg4 35. Re2 Nxh6 0-1

[Event "Politiken Cup 2011"]
[Site "Helsingor"]
[Date "2011.07.30"]
[Round "1.66"]
[White "Hartvig, Ove Weiss"]
[Black "Andersen, Claus Nis"]
[Result "1-0"]
[WhiteElo "2220"]
[BlackElo "1811"]
[PlyCount "35"]
[EventDate "2011.??.??"]
[WhiteTeam "Esbjerg"]
[BlackTeam "Rokaden"]

1. e4 e5 2. Nf3 Nf6 3. Nxe5 d6 4. Nf3 Nxe4 5. Nc3 Nxc3 6. dxc3 Be7 7. Be3 O-O
8. Qd2 Nd7 9. O-O-O Ne5 10. Nd4 c6 11. h3 d5 12. f4 Nc4 13. Bxc4 dxc4 14. Qe2
Qd5 15. g4 b5 16. Nf3 Qe6 17. f5 Qf6 18. Bg5 1-0

[Event "Politiken Cup 2011"]
[Site "Helsingor"]
[Date "2011.07.30"]
[Round "1.68"]
[White "Pedersen, Gunnar"]
[Black "Nielsen, Peter"]
[Result "1-0"]
[WhiteElo "2218"]
[BlackElo "1802"]
[PlyCount "57"]
[EventDate "2011.??.??"]
[WhiteTeam "Esbjerg"]
[BlackTeam "Enkeltmedlem"]

1. d4 Nf6 2. Nf3 e6 3. c4 Bb4+ 4. Nbd2 d5 5. a3 Bxd2+ 6. Bxd2 O-O 7. Bg5 h6 8.
Bh4 g5 9. Bg3 Ne4 10. e3 Nd7 11. Bd3 c6 12. Qc2 f5 13. Bxe4 dxe4 14. Ne5 Qf6
15. h4 g4 16. h5 Nxe5 17. Bxe5 Qd8 18. O-O-O Bd7 19. f3 gxf3 20. gxf3 exf3 21.
Rdg1+ Kf7 22. Rg7+ Ke8 23. Bd6 Rh8 24. Qf2 c5 25. Rhg1 Bc6 26. Re7+ Qxe7 27.
Bxe7 Kxe7 28. Qh4+ Kf7 29. Rg6 1-0

[Event "Politiken Cup 2011"]
[Site "Helsingor"]
[Date "2011.07.30"]
[Round "1.70"]
[White "Johansson, +Thomas"]
[Black "Gupta, Sudhir Kumar"]
[Result "1-0"]
[WhiteElo "2207"]
[BlackElo "1791"]
[PlyCount "65"]
[EventDate "2011.??.??"]
[WhiteTeam "Malmø AS"]
[BlackTeam "Stavanger"]

1. c4 Nf6 2. Nc3 g6 3. g3 Bg7 4. Bg2 O-O 5. e4 e5 6. Nge2 d6 7. O-O Be6 8. d3
Qd7 9. f4 Bh3 10. f5 Bxg2 11. Kxg2 h6 12. h3 Nc6 13. Be3 Ne7 14. Qd2 Kh7 15. g4
Qc6 16. Ng3 g5 17. Rh1 Rh8 18. Kf3 Kg8 19. h4 Nh7 20. hxg5 Nxg5+ 21. Bxg5 hxg5
22. Rxh8+ Kxh8 23. Rh1+ Kg8 24. f6 Bxf6 25. Nh5 Bh8 26. Qxg5+ Ng6 27. Nd5 Kf8
28. Qh6+ Ke8 29. Qh7 Kf8 30. Ng3 Rd8 31. Nf5 Ke8 32. Qg8+ Kd7 33. Qxf7+ 1-0

[Event "Politiken Cup 2011"]
[Site "Helsingor"]
[Date "2011.07.30"]
[Round "1.71"]
[White "Aartun, Magnus"]
[Black "Akdag, Dara"]
[Result "0-1"]
[WhiteElo "1788"]
[BlackElo "2201"]
[PlyCount "46"]
[EventDate "2011.??.??"]
[WhiteTeam "Stavanger"]
[BlackTeam "BMS"]

1. d4 Nf6 2. c4 c5 3. Nf3 cxd4 4. Nxd4 e5 5. Nb5 d5 6. cxd5 Bc5 7. e3 O-O 8.
N1c3 a6 9. Na3 e4 10. Nc2 Nbd7 11. Bc4 Ne5 12. Be2 Bf5 13. O-O Rc8 14. Nd4 Bg6
15. Qb3 Qe7 16. Rd1 Bd6 17. a4 Neg4 18. h3 Qe5 19. f4 exf3 20. Nxf3 Qg3 21.
hxg4 Nxg4 22. e4 Bc5+ 23. Nd4 Qh2+ 0-1

[Event "Politiken Cup 2011"]
[Site "Helsingor"]
[Date "2011.07.30"]
[Round "1.72"]
[White "Molvig, Henrik"]
[Black "Kopperberg, Steen"]
[Result "1-0"]
[WhiteElo "2195"]
[BlackElo "1782"]
[PlyCount "79"]
[EventDate "2011.??.??"]
[WhiteTeam "Roskilde"]
[BlackTeam "Frederiksværk"]

1. d4 d5 2. c4 c6 3. Nf3 Nf6 4. Nc3 e6 5. Bg5 Be7 6. e3 dxc4 7. Bxc4 b5 8. Bd3
Nbd7 9. O-O Bb7 10. e4 a6 11. e5 Nd5 12. Ne4 O-O 13. Bxe7 Qxe7 14. Rc1 f5 15.
exf6 N5xf6 16. Re1 Nxe4 17. Bxe4 Rac8 18. Rc3 Qd6 19. Ng5 Nf6 20. Bf3 Rfe8 21.
Rce3 e5 22. Rxe5 Rxe5 23. dxe5 Qxd1 24. Bxd1 Re8 25. f4 c5 26. Bf3 Bxf3 27.
Nxf3 Nd5 28. g3 c4 29. a3 c3 30. bxc3 Nxc3 31. Re3 Rc8 32. e6 Kf8 33. f5 a5 34.
g4 b4 35. axb4 axb4 36. Nd4 Ke7 37. g5 Rc4 38. f6+ gxf6 39. Nf5+ Kf8 40. e7+
1-0

[Event "Politiken Cup 2011"]
[Site "Helsingor"]
[Date "2011.07.30"]
[Round "1.73"]
[White "Christophersen, David"]
[Black "Willumsen, Henrik"]
[Result "0-1"]
[WhiteElo "1777"]
[BlackElo "2194"]
[PlyCount "48"]
[EventDate "2011.??.??"]
[WhiteTeam "Allerød"]
[BlackTeam "Nørresundby"]

1. d4 Nf6 2. c4 g6 3. Nc3 Bg7 4. e3 d6 5. Qc2 O-O 6. Bd3 e5 7. d5 Na6 8. a3 Nc5
9. e4 a5 10. Be3 Bd7 11. Nf3 Nh5 12. Bxc5 dxc5 13. O-O f5 14. Rfe1 f4 15. Rab1
g5 16. h3 Ra6 17. Be2 g4 18. Nh2 gxh3 19. Bxh5 Qg5 20. Bf3 Rh6 21. Kh1 hxg2+
22. Bxg2 Qh4 23. Kg1 Qxh2+ 24. Kf1 f3 0-1

[Event "Politiken Cup 2011"]
[Site "Helsingor"]
[Date "2011.07.30"]
[Round "1.76"]
[White "Rostgaard, Tobias Valentin"]
[Black "Nielsen, Leo"]
[Result "1-0"]
[WhiteElo "2184"]
[BlackElo "1775"]
[PlyCount "59"]
[EventDate "2011.??.??"]
[WhiteTeam "BMS"]
[BlackTeam "Helsingør"]

1. d4 d5 2. c4 c6 3. Nf3 e6 4. e3 Nd7 5. Bd3 Ngf6 6. O-O Bd6 7. Nc3 dxc4 8.
Bxc4 Nb6 9. Bd3 O-O 10. e4 Be7 11. e5 Nfd5 12. Ne4 f5 13. exf6 Nxf6 14. Nxf6+
Bxf6 15. Qc2 h6 16. Ne5 Bxe5 17. dxe5 Nd5 18. Qc4 Ne7 19. Qe4 Nf5 20. g4 Qd5
21. gxf5 Qxe4 22. Bxe4 exf5 23. Bc2 f4 24. Bb3+ Kh8 25. e6 Rf6 26. Re1 b5 27.
f3 Bb7 28. Kf2 g5 29. Bd2 Kh7 30. Bc3 1-0

[Event "Politiken Cup 2011"]
[Site "Helsingor"]
[Date "2011.07.30"]
[Round "1.77"]
[White "Rasmussen, Ole"]
[Black "Hobber, Anders"]
[Result "0-1"]
[WhiteElo "1769"]
[BlackElo "2179"]
[PlyCount "60"]
[EventDate "2011.??.??"]
[WhiteTeam "Hillerød"]
[BlackTeam "Porsgrunn"]

1. e4 e6 2. d4 d5 3. Nc3 Bb4 4. e5 Qd7 5. Bd2 b6 6. Nf3 a5 7. a3 Bf8 8. Bd3 Ba6
9. Bxa6 Nxa6 10. Ne2 Ne7 11. Ng3 c5 12. c3 Qb5 13. a4 Qd3 14. Qe2 Qxe2+ 15.
Nxe2 Nc6 16. O-O Be7 17. Ne1 Kd7 18. f4 g6 19. Nc2 Rab8 20. Na3 Nc7 21. Kh1 b5
22. axb5 Nxb5 23. Nxb5 Rxb5 24. Rfb1 Rhb8 25. Ra2 cxd4 26. Nxd4 Nxd4 27. cxd4
a4 28. Bc3 Bb4 29. Rba1 Bxc3 30. bxc3 Rb1+ 0-1

[Event "Politiken Cup 2011"]
[Site "Helsingor"]
[Date "2011.07.30"]
[Round "1.78"]
[White "Fisher, William"]
[Black "Andersen, Guttorm"]
[Result "1-0"]
[WhiteElo "2178"]
[BlackElo "1768"]
[PlyCount "73"]
[EventDate "2011.??.??"]
[WhiteTeam "Marshall"]
[BlackTeam "SK Stjernen"]

1. d4 d5 2. c4 c6 3. cxd5 cxd5 4. Nc3 Nc6 5. e4 e6 6. exd5 exd5 7. Nf3 Bf5 8.
Be3 Bb4 9. Bd3 Nge7 10. O-O O-O 11. Rc1 Qd7 12. Re1 Rac8 13. Ne5 Nxe5 14. dxe5
Bxc3 15. bxc3 Bxd3 16. Qxd3 Nc6 17. f4 Rc7 18. Bf2 Rfc8 19. f5 Nd8 20. Bxa7 Ra8
21. Bb6 Rc6 22. Qb5 Qxf5 23. Bxd8 Rxd8 24. Qxb7 Qc8 25. Qxc8 Rdxc8 26. Rcd1
Rxc3 27. Rxd5 Rc2 28. Ra5 Rb8 29. Kf1 Kf8 30. Re2 Rbb2 31. Rxc2 Rxc2 32. Ra7 g5
33. a4 h5 34. a5 g4 35. a6 Rc5 36. Rb7 f5 37. a7 1-0

[Event "Politiken Cup 2011"]
[Site "Helsingor"]
[Date "2011.07.30"]
[Round "1.79"]
[White "Christiansen, Niels Jorgen"]
[Black "Guttulsrud, Odd Martin"]
[Result "0-1"]
[WhiteElo "1768"]
[BlackElo "2177"]
[PlyCount "150"]
[EventDate "2011.??.??"]
[WhiteTeam "Helsinge"]
[BlackTeam "SK 1911"]

1. d4 Nf6 2. c4 g6 3. Nc3 Bg7 4. Nf3 O-O 5. e4 d6 6. Be2 c5 7. dxc5 Qa5 8. O-O
Qxc5 9. Be3 Qa5 10. Qc2 Bg4 11. h3 Bxf3 12. Bxf3 Nc6 13. a3 Rfc8 14. b4 Qc7 15.
Rac1 Ne5 16. Be2 Qd7 17. Nd5 e6 18. Nxf6+ Bxf6 19. Rfd1 Qc6 20. f4 Nd7 21. Bf3
e5 22. Qd3 exf4 23. Bxf4 Be5 24. Bxe5 Nxe5 25. Qxd6 Qxd6 26. Rxd6 Nxc4 27. Rd7
b5 28. Re7 Kf8 29. Rb7 a6 30. Rd1 Rd8 31. Rxd8+ Rxd8 32. Ra7 Rd6 33. e5 Nxe5
34. Bb7 Nc4 35. Bxa6 Nxa3 36. Bc8 Nc2 37. Rb7 Nxb4 38. Rxb5 Nd3 39. Bb7 Kg7 40.
Rd5 Rxd5 41. Bxd5 f5 42. Bc4 Ne5 43. Bb5 Kf6 44. Kf2 Nf7 45. Bc4 Ng5 46. h4
Ne4+ 47. Ke3 Ke5 48. Bg8 h6 49. Bh7 Kf6 50. Bg8 Nd6 51. Bb3 Ke5 52. Kf3 Ne4 53.
Bc2 Nf6 54. Bb3 g5 55. hxg5 hxg5 56. g3 Ne4 57. Bc2 Nd2+ 58. Ke2 Ne4 59. Kf3
Nc5 60. Ke3 Ne6 61. Bb3 Nd4 62. Bd1 g4 63. Ba4 Nf3 64. Bc6 Ng5 65. Bg2 Ne4 66.
Bh1 Nxg3 67. Bb7 f4+ 68. Kf2 Ne4+ 69. Kg2 f3+ 70. Kf1 Kf4 71. Bc8 g3 72. Bh3
Ng5 73. Bc8 g2+ 74. Kf2 Ne4+ 75. Kg1 Kg3 0-1

[Event "Politiken Cup 2011"]
[Site "Helsingor"]
[Date "2011.07.30"]
[Round "1.80"]
[White "Schultz-Pedersen, Jesper"]
[Black "Nordstrom, Håkon Namtved"]
[Result "1-0"]
[WhiteElo "2177"]
[BlackElo "1768"]
[PlyCount "105"]
[EventDate "2011.??.??"]
[WhiteTeam "Allerød"]
[BlackTeam "Fanø Sjakklubb"]

1. e4 e6 2. d4 d5 3. e5 c5 4. dxc5 Bxc5 5. Qg4 g6 6. Bd3 Nc6 7. Nf3 Qc7 8. O-O
Nxe5 9. Nxe5 Qxe5 10. Nc3 Nf6 11. Qf3 Bd6 12. g3 Be7 13. Qg2 a6 14. Bf4 Qd4 15.
Rad1 Qb6 16. Rfe1 O-O 17. h4 Nh5 18. Bc1 Bd7 19. Nxd5 exd5 20. Rxe7 Be6 21. Qf3
Qb4 22. Rxe6 fxe6 23. Qe2 Qb6 24. Be3 Qxb2 25. Bh6 Rfe8 26. g4 Ng7 27. h5 gxh5
28. Kh1 hxg4 29. Qxg4 Qf6 30. Bg5 Qf7 31. Rg1 Kh8 32. Qh4 Qf3+ 33. Rg2 Qd1+ 34.
Kh2 Qh5 35. Qxh5 Nxh5 36. Be2 Ng7 37. Bf6 Rg8 38. Be5 Raf8 39. f4 h6 40. Bd3
Rf7 41. Rg6 Rd8 42. Rxe6 h5 43. Rh6+ Kg8 44. Bh7+ Kf8 45. Bg6 Ke7 46. Bxf7 Kxf7
47. Rh7 Rg8 48. f5 b5 49. f6 Ke6 50. Rxg7 Rc8 51. Re7+ Kf5 52. c3 a5 53. f7 1-0

[Event "Politiken Cup 2011"]
[Site "Helsingor"]
[Date "2011.07.30"]
[Round "1.82"]
[White "Andersen, Morten"]
[Black "Maechel, Michael"]
[Result "1-0"]
[WhiteElo "2172"]
[BlackElo "1756"]
[PlyCount "81"]
[EventDate "2011.??.??"]
[WhiteTeam "Centrum"]
[BlackTeam "Helsingør"]

1. d4 Nf6 2. c4 e5 3. dxe5 Ng4 4. Nf3 Nc6 5. e3 Ngxe5 6. Be2 Bb4+ 7. Bd2 Bxd2+
8. Qxd2 O-O 9. Nc3 Nxf3+ 10. gxf3 d6 11. f4 Ne7 12. h4 Be6 13. O-O-O f5 14.
Rhg1 Rf6 15. h5 h6 16. Rg3 a6 17. Kb1 Qf8 18. Nd5 Bxd5 19. cxd5 Rb8 20. Rc1 c6
21. dxc6 bxc6 22. Rcg1 Rb6 23. Rxg7+ Qxg7 24. Rxg7+ Kxg7 25. Qa5 Nd5 26. Bc4
Rb5 27. Bxb5 axb5 28. Qa8 Ne7 29. Qe8 Rf7 30. a3 d5 31. b3 d4 32. exd4 Nd5 33.
Qxc6 Nxf4 34. Qf3 Ne6 35. d5 Ng5 36. Qc3+ Kh7 37. Qc6 Rg7 38. d6 Ne4 39. d7
Rg1+ 40. Kc2 Rg2 41. Qg6+ 1-0

[Event "Politiken Cup 2011"]
[Site "Helsingor"]
[Date "2011.07.30"]
[Round "1.83"]
[White "Satre, Mathias"]
[Black "Rorvik, Jon F"]
[Result "0-1"]
[WhiteElo "1756"]
[BlackElo "2172"]
[PlyCount "68"]
[EventDate "2011.??.??"]
[WhiteTeam "Bergen"]
[BlackTeam "Tempo Sjakk"]

1. e4 e5 2. Nf3 Nc6 3. d4 exd4 4. Bc4 Bc5 5. c3 Nf6 6. e5 d5 7. Bb5 Ne4 8. cxd4
Bb4+ 9. Bd2 Nxd2 10. Nbxd2 Bd7 11. O-O O-O 12. Bd3 Bg4 13. Qc2 Bxd2 14. Bxh7+
Kh8 15. Nxd2 Nxd4 16. Qd3 c5 17. f3 Be6 18. f4 Qh4 19. Nf3 Qxh7 20. Qxh7+ Kxh7
21. Nxd4 cxd4 22. f5 Bd7 23. Rf4 g5 24. Rf3 Rh8 25. g4 Kg7 26. Rd1 Rae8 27. e6
fxe6 28. f6+ Kf7 29. Rxd4 e5 30. Rb4 Bc6 31. Rf5 e4 32. Rxg5 Reg8 33. Rf5 Rxg4+
34. Kf2 e3+ 0-1

[Event "Politiken Cup 2011"]
[Site "Helsingor"]
[Date "2011.07.30"]
[Round "1.84"]
[White "Nielsen, Michael"]
[Black "Pedersen, Carl Aage"]
[Result "1-0"]
[WhiteElo "2170"]
[BlackElo "1752"]
[PlyCount "55"]
[EventDate "2011.??.??"]
[WhiteTeam "K41"]
[BlackTeam "Gladsaxe"]

1. d4 d5 2. Bf4 Nf6 3. e3 e6 4. c4 c6 5. Nc3 Nbd7 6. Rc1 Be7 7. Nf3 O-O 8. Bd3
Re8 9. O-O a6 10. Re1 g6 11. h3 dxc4 12. Bxc4 Nb6 13. Bb3 Nbd5 14. Bh6 Bf8 15.
Bg5 Be7 16. e4 Nxc3 17. bxc3 Kg7 18. Ne5 Nd7 19. Bh6+ Kg8 20. Nxf7 Kxf7 21.
Bxe6+ Kxe6 22. Qb3+ Kd6 23. Bf4+ Ne5 24. dxe5+ Kc7 25. Rcd1 Qxd1 26. Rxd1 b5
27. Qf7 Bb7 28. Bg5 1-0

[Event "Politiken Cup 2011"]
[Site "Helsingor"]
[Date "2011.07.30"]
[Round "1.85"]
[White "Madison, Sigurd"]
[Black "Schou-Moldt, Thomas"]
[Result "0-1"]
[WhiteElo "1749"]
[BlackElo "2167"]
[PlyCount "78"]
[EventDate "2011.??.??"]
[WhiteTeam "LASK"]
[BlackTeam "Allerød"]

1. e4 c5 2. Nf3 g6 3. d4 cxd4 4. Nxd4 Bg7 5. Nc3 a6 6. Be2 d6 7. Be3 Nf6 8. O-O
O-O 9. f4 Qb6 10. Nf5 Qc7 11. Ng3 b5 12. Rb1 Bb7 13. Bf3 Nbd7 14. Nd5 Nxd5 15.
exd5 Rac8 16. c3 Nf6 17. Qb3 Qd7 18. h3 Rc4 19. Rbd1 Bh6 20. Ne2 Ba8 21. Qc2
Rfc8 22. Qd3 Bg7 23. Ng3 a5 24. f5 a4 25. Bd4 b4 26. fxg6 hxg6 27. cxb4 Rxb4
28. Kh2 Bb7 29. Qe2 Rbc4 30. Bxf6 exf6 31. Bg4 f5 32. Nxf5 gxf5 33. Bxf5 Qe8
34. Qh5 Qe5+ 35. Kh1 Rf4 36. Qh7+ Kf8 37. Rxf4 Qxf4 38. Bxc8 Be5 39. Kg1 Qe3+
0-1

[Event "Politiken Cup 2011"]
[Site "Helsingor"]
[Date "2011.07.30"]
[Round "1.86"]
[White "Schroeder, Jan-Christian"]
[Black "Aartun, Eivind"]
[Result "1-0"]
[WhiteElo "2164"]
[BlackElo "1747"]
[PlyCount "65"]
[EventDate "2011.??.??"]
[WhiteTeam "SV 1920 Hofheim"]
[BlackTeam "Stavanger"]

1. e4 c5 2. Nf3 d6 3. d4 cxd4 4. Nxd4 Nf6 5. Nc3 g6 6. Be3 Bg7 7. f3 O-O 8. Qd2
Nc6 9. Bc4 Bd7 10. O-O-O Rc8 11. Bb3 Na5 12. h4 Nxb3+ 13. cxb3 b5 14. Kb1 b4
15. Nce2 a5 16. Bh6 e5 17. Bxg7 Kxg7 18. Nc2 Bb5 19. Ng3 Rc6 20. Ne3 Kh8 21. h5
Qc7 22. Nd5 Nxd5 23. exd5 Rb6 24. Ne4 Qe7 25. Ng5 Bd3+ 26. Ka1 gxh5 27. Qe3 Bc2
28. Rc1 Rc8 29. Qxb6 Qxg5 30. Qxd6 f6 31. Qe6 Qf5 32. Qxf5 Bxf5 33. Rxc8+ 1-0

[Event "Politiken Cup 2011"]
[Site "Helsingor"]
[Date "2011.07.30"]
[Round "1.87"]
[White "Kyrkjebo, Eirik"]
[Black "Leutwyler, Martin"]
[Result "0-1"]
[WhiteElo "1747"]
[BlackElo "2163"]
[PlyCount "48"]
[EventDate "2011.??.??"]
[WhiteTeam "Stavanger"]
[BlackTeam "St.Gallen"]

1. e4 Nf6 2. Nc3 d5 3. e5 Nfd7 4. d4 c5 5. Nxd5 cxd4 6. Qxd4 Nb6 7. Bc4 e6 8.
Bg5 Qd7 9. O-O-O exd5 10. Bb3 Nc6 11. Qf4 h6 12. Bh4 Qg4 13. Bg3 Qxf4+ 14. Bxf4
Be6 15. Nf3 g5 16. Bg3 Bg7 17. Rhe1 O-O-O 18. Kb1 Nc4 19. h3 g4 20. hxg4 Bxg4
21. Bh4 Rd7 22. Bf6 Rg8 23. Rd3 Bxf3 24. Rxf3 Nd2+ 0-1

[Event "Politiken Cup 2011"]
[Site "Helsingor"]
[Date "2011.07.30"]
[Round "1.88"]
[White "Tuhrim, Richard"]
[Black "Wahlgren, Christer"]
[Result "1-0"]
[WhiteElo "2163"]
[BlackElo "1745"]
[PlyCount "99"]
[EventDate "2011.??.??"]
[WhiteTeam "Marshall"]
[BlackTeam "Eslov"]

1. d4 d5 2. c4 Bf5 3. Nf3 e6 4. Nc3 c6 5. Qb3 Qb6 6. c5 Qxb3 7. axb3 Na6 8. Bf4
Nb4 9. Ra4 a5 10. Bc7 Na6 11. Bxa5 Bc2 12. Ra3 Nf6 13. b4 Be7 14. Kd2 Be4 15.
e3 Ng4 16. Ke1 O-O 17. h3 Bxf3 18. gxf3 Nf6 19. Bd3 Bd8 20. f4 Bxa5 21. bxa5
Nb4 22. Ke2 Ra7 23. Ra4 Nxd3 24. Kxd3 Rfa8 25. b4 Kf8 26. Rha1 Ke7 27. b5 Ne4
28. Nxe4 dxe4+ 29. Kxe4 cxb5 30. Rb4 Rxa5 31. Rg1 g6 32. Rgb1 f5+ 33. Kf3 Kd7
34. Rxb5 Rxb5 35. Rxb5 Ra7 36. Rb6 Ke7 37. h4 h6 38. d5 exd5 39. Rxg6 Ra5 40.
Rxh6 Rxc5 41. Rh7+ Kf6 42. Rxb7 Kg6 43. Kg3 Rc3 44. Rd7 Rd3 45. Rd6+ Kg7 46. h5
Rd1 47. Kh4 Rd2 48. Kg5 Rxf2 49. Rd7+ Kf8 50. Rxd5 1-0

[Event "Politiken Cup 2011"]
[Site "Helsingor"]
[Date "2011.07.30"]
[Round "1.89"]
[White "Salomonson, Sixten"]
[Black "Johansson, Linus"]
[Result "0-1"]
[WhiteElo "1742"]
[BlackElo "2159"]
[PlyCount "90"]
[EventDate "2011.??.??"]
[WhiteTeam "HG Schack Helsingborg"]
[BlackTeam "Limhamn"]

1. e4 c5 2. Nc3 Nc6 3. g3 g6 4. Bg2 Bg7 5. d3 d6 6. f4 e5 7. Nf3 Nge7 8. O-O
O-O 9. Be3 Rb8 10. fxe5 Nxe5 11. Nxe5 Bxe5 12. d4 cxd4 13. Bxd4 Nc6 14. Bxe5
dxe5 15. Nd5 Be6 16. Qd2 Bxd5 17. exd5 Nd4 18. c3 Nb5 19. Qe2 Qb6+ 20. Kh1 f6
21. a4 Nd6 22. Bh3 a5 23. c4 Qd4 24. Rac1 b6 25. b3 Qe4+ 26. Qf3 f5 27. Bg2
Qxf3 28. Bxf3 e4 29. Be2 Rfc8 30. Kg2 Kg7 31. Kf2 Kf6 32. Ke3 Ke5 33. h4 h6 34.
Rf2 g5 35. Bf1 f4+ 36. gxf4+ gxf4+ 37. Ke2 Nf5 38. Bh3 Nd4+ 39. Ke1 Rc7 40. Rc3
Rg7 41. Rg2 Rxg2 42. Bxg2 Rg8 43. Bf1 e3 44. Bh3 e2 45. Kf2 Rg1 0-1

[Event "Politiken Cup 2011"]
[Site "Helsingor"]
[Date "2011.07.30"]
[Round "1.90"]
[White "Petersen, Peter Birk"]
[Black "Asmund, Erik"]
[Result "1-0"]
[WhiteElo "2156"]
[BlackElo "1739"]
[PlyCount "51"]
[EventDate "2011.??.??"]
[WhiteTeam "Taastrup"]
[BlackTeam "Gråsten"]

1. e4 e5 2. Nf3 Nc6 3. Bb5 d6 4. d4 exd4 5. Nxd4 Bd7 6. Nc3 a6 7. Nxc6 Bxc6 8.
Bxc6+ bxc6 9. O-O Be7 10. Qf3 Rb8 11. b3 Qd7 12. Bf4 Bf6 13. Rad1 Bxc3 14. Qxc3
f6 15. e5 fxe5 16. Bxe5 Ne7 17. Bxg7 Rg8 18. Bd4 Rb5 19. Rfe1 Rd5 20. Rd3 Rdg5
21. g3 Rh5 22. Rde3 Qh3 23. Qxc6+ Kd8 24. Qa8+ Nc8 25. Bf6+ Kd7 26. Re7+ 1-0

[Event "Politiken Cup 2011"]
[Site "Helsingor"]
[Date "2011.07.30"]
[Round "1.91"]
[White "Larsen, Hans Haagen"]
[Black "Klings, Peter"]
[Result "0-1"]
[WhiteElo "1732"]
[BlackElo "2149"]
[PlyCount "86"]
[EventDate "2011.??.??"]
[WhiteTeam "AS04"]
[BlackTeam "St. Gallen"]

1. d4 g6 2. Nf3 Bg7 3. Bf4 Nf6 4. h3 c5 5. e3 Qb6 6. Nc3 O-O 7. Na4 Qa5+ 8. Nc3
Nd5 9. Qd2 Nxf4 10. exf4 cxd4 11. Nxd4 Nc6 12. Nb3 Bxc3 13. bxc3 Qc7 14. Be2 d6
15. h4 Bd7 16. h5 Rac8 17. c4 a5 18. hxg6 fxg6 19. f5 Bxf5 20. Bd3 a4 21. Qh6
e6 22. Nd2 Nb4 23. Bxf5 exf5 24. O-O-O a3 25. Kb1 Rf7 26. Qe3 Ra8 27. Qb3 Nc6
28. Nf3 Ra6 29. Ka1 Qd8 30. c5 Qf6+ 31. c3 dxc5 32. Rd7 Na5 33. Qxf7+ Qxf7 34.
Rxf7 Kxf7 35. Rxh7+ Kf6 36. Rc7 Rd6 37. Kb1 Rd1+ 38. Kc2 Ra1 39. Rxc5 Rxa2+ 40.
Kd3 b6 41. Rd5 Rb2 42. Rd6+ Ke7 43. Rd4 Nb3 0-1

[Event "Politiken Cup 2011"]
[Site "Helsingor"]
[Date "2011.07.30"]
[Round "1.92"]
[White "Poulsen, Klaus E"]
[Black "Jorgensen, Morten"]
[Result "1-0"]
[WhiteElo "2148"]
[BlackElo "1727"]
[PlyCount "47"]
[EventDate "2011.??.??"]
[WhiteTeam "Odysseus"]
[BlackTeam "Tårnby"]

1. e4 c5 2. Nf3 d6 3. d4 cxd4 4. Nxd4 Nf6 5. Nc3 a6 6. Bg5 e6 7. f4 Be7 8. Qf3
Bd7 9. O-O-O Nc6 10. Nxc6 Bxc6 11. Bd3 Qc7 12. Qh3 Bd7 13. Rhe1 e5 14. f5 Bc6
15. Bc4 b5 16. Bxf6 Bxf6 17. Bd5 Rc8 18. Re2 Bg5+ 19. Kb1 O-O 20. Bxc6 Qxc6 21.
Qh5 Bf6 22. Nd5 Bd8 23. f6 gxf6 24. Rd3 1-0

[Event "Politiken Cup 2011"]
[Site "Helsingor"]
[Date "2011.07.30"]
[Round "1.93"]
[White "Haug, Johannes"]
[Black "Berni, Fabrizio"]
[Result "1/2-1/2"]
[WhiteElo "1725"]
[BlackElo "2147"]
[PlyCount "70"]
[EventDate "2011.??.??"]
[WhiteTeam "Nordstrand"]
[BlackTeam "Mariano Comense"]

1. e4 c5 2. c3 d5 3. exd5 Qxd5 4. d4 Nc6 5. Nf3 Bg4 6. Be2 cxd4 7. cxd4 e6 8.
O-O Bb4 9. Nc3 Qa5 10. Ne4 Rd8 11. Be3 Qd5 12. Qc2 Bf5 13. Bd3 Nge7 14. a3 Ba5
15. Nc5 Bxd3 16. Nxd3 Bc7 17. Rfd1 O-O 18. Rac1 Bb8 19. Nde5 Rc8 20. Qb1 Nxe5
21. dxe5 Rxc1 22. Qxc1 Qc6 23. Bc5 Rc8 24. Qd2 Nd5 25. Rc1 b6 26. Be3 Qxc1+ 27.
Qxc1 Rxc1+ 28. Bxc1 h6 29. h4 a6 30. g3 Kf8 31. Kf1 Ke7 32. b4 Kd7 33. Bb2 Bc7
34. Ke2 b5 35. Kd3 Bb6 1/2-1/2

[Event "Politiken Cup 2011"]
[Site "Helsingor"]
[Date "2011.07.30"]
[Round "1.94"]
[White "Pedersen, Henrik B"]
[Black "Johnsen, Oystein"]
[Result "1-0"]
[WhiteElo "2146"]
[BlackElo "1724"]
[PlyCount "123"]
[EventDate "2011.??.??"]
[WhiteTeam "Herlev"]
[BlackTeam "Tonsberg"]

1. d4 d5 2. Nf3 Nf6 3. Bf4 e6 4. e3 Bd6 5. Nbd2 c5 6. c3 Bxf4 7. exf4 cxd4 8.
Nxd4 a6 9. Bd3 O-O 10. N2f3 Nbd7 11. O-O Qc7 12. g3 b5 13. Re1 Re8 14. Ne5 Nf8
15. Qe2 Bb7 16. a4 bxa4 17. Rxa4 a5 18. Nb5 Qb6 19. Qe3 N6d7 20. Qxb6 Nxb6 21.
Ra2 Rec8 22. Rea1 a4 23. Nd6 Rc7 24. Bb5 f6 25. Nd3 Bc6 26. Nb4 Bxb5 27. Nxb5
Rc5 28. Nd4 Kf7 29. Nd3 Rcc8 30. f3 Nfd7 31. Nb5 Ke7 32. Nd4 Kf7 33. Re1 Nf8
34. Nb5 Nc4 35. Rea1 Rcb8 36. Nd4 Nb6 37. Nc5 h6 38. Kf1 Rc8 39. Nxa4 Rxa4 40.
Rxa4 Nxa4 41. Rxa4 Rc7 42. Ke2 e5 43. fxe5 fxe5 44. Nb5 Rd7 45. f4 Kf6 46. Ra6+
Ne6 47. b4 d4 48. cxd4 exf4 49. gxf4 Kf5 50. Kf3 Nxd4+ 51. Nxd4+ Rxd4 52. Ra5+
Kf6 53. Rb5 g5 54. fxg5+ hxg5 55. Rb8 Kf7 56. b5 Rh4 57. Kg3 Rb4 58. b6 Kg7 59.
Kf3 Kf7 60. b7 Kg7 61. Ke3 Kf7 62. Rh8 1-0

[Event "Politiken Cup 2011"]
[Site "Helsingor"]
[Date "2011.07.30"]
[Round "1.95"]
[White "Lindholm, Lars"]
[Black "Lindgren, Philip"]
[Result "0-1"]
[WhiteElo "1722"]
[BlackElo "2145"]
[PlyCount "66"]
[EventDate "2011.??.??"]
[WhiteTeam "HaSS"]
[BlackTeam "Limhamn"]

1. Nc3 c5 2. e4 Nc6 3. Nf3 g6 4. Bc4 Bg7 5. a3 d6 6. O-O e6 7. Ne2 d5 8. exd5
exd5 9. Bb5 Bg4 10. Ng3 Nge7 11. h3 Bd7 12. Bxc6 bxc6 13. Re1 O-O 14. Ne5 Be6
15. d4 cxd4 16. Qxd4 c5 17. Qh4 Nf5 18. Nxf5 Bxf5 19. Qxd8 Rfxd8 20. Nc6 Re8
21. Ne7+ Kf8 22. Bg5 Be6 23. Nc6 Bxb2 24. Rab1 Bc3 25. Re3 Bd2 26. Rg3 Bxg5 27.
Rxg5 Rec8 28. Na5 Rab8 29. Rb7 Rxb7 30. Nxb7 c4 31. Rg3 Ke7 32. Kf1 Rc7 33. Na5
Rc5 0-1

[Event "Politiken Cup 2011"]
[Site "Helsingor"]
[Date "2011.07.30"]
[Round "1.96"]
[White "Lercel, Michal"]
[Black "Hansen, Anders"]
[Result "1-0"]
[WhiteElo "2141"]
[BlackElo "1721"]
[PlyCount "43"]
[EventDate "2011.??.??"]
[WhiteTeam "Oksir Wiznia Mala"]
[BlackTeam "Harplinge"]

1. e4 c5 2. Nf3 Nc6 3. Bb5 e6 4. O-O Qc7 5. Re1 Nf6 6. c3 Ne5 7. d4 cxd4 8.
cxd4 Nxf3+ 9. Qxf3 a6 10. Bd3 b5 11. Bg5 Bb7 12. Nc3 b4 13. Nd5 Nxd5 14. exd5
Bd6 15. Rac1 Qb8 16. Qf5 Bxh2+ 17. Kh1 h6 18. dxe6 dxe6 19. Rxe6+ Kf8 20. Re7
Bd5 21. Qxd5 hxg5 22. Qxf7# 1-0

[Event "Politiken Cup 2011"]
[Site "Helsingor"]
[Date "2011.07.30"]
[Round "1.97"]
[White "Wallin, Kenneth"]
[Black "Nielsen, John Bauneborg"]
[Result "0-1"]
[WhiteElo "1710"]
[BlackElo "2140"]
[PlyCount "50"]
[EventDate "2011.??.??"]
[WhiteTeam "HASK Helsingborg"]
[BlackTeam "Nørresundby"]

1. Nf3 f5 2. c4 Nf6 3. Nc3 g6 4. g3 Bg7 5. Bg2 O-O 6. d3 d6 7. Bg5 c6 8. Qd2 e5
9. Bh6 Be6 10. Bxg7 Kxg7 11. Ng5 Bg8 12. h4 d5 13. cxd5 cxd5 14. O-O-O Nc6 15.
Kb1 Qa5 16. f4 d4 17. fxe5 Nxe5 18. e4 dxc3 19. bxc3 Rac8 20. exf5 gxf5 21.
Rhe1 Rxc3 22. Qb2 Nxd3 23. Re7+ Kh8 24. Qe2 Qa3 25. Rxb7 Qc1+ 0-1